| 000 | 00704nam a2200217 4500 | ||
|---|---|---|---|
| 003 | OSt | ||
| 005 | 20240729081611.0 | ||
| 006 | a | ||
| 008 | 240729b |||||||| |||| 00| 0 eng d | ||
| 020 | _a9781420093629 | ||
| 040 |
_aDWCL-Main lib. _cOC |
||
| 082 | _aCirc. 005.1 C555f 2010 | ||
| 100 | _aChristensen, Henrick B | ||
| 245 | _aFlexible , reliable software using patterns and agile development / | ||
| 260 |
_aLondon : _bChapman and Hall/ CRC, _cc2010. |
||
| 300 |
_axxvii, _b496 p. : ill. ; _c26 cm. |
||
| 504 | _aIncludes bibliographical references & index. | ||
| 650 | _a1. Computer software Reliability. | ||
| 650 | _a2. Computer software-Development. | ||
| 942 |
_2ddc _n0 _cBK-CIRC _kCirc. |
||
| 999 |
_c2931 _d2931 |
||